Представление документа в формате MARC21

Поле Инд. ПП Название Значение
Тип записи a
Библиографический уровень b
001 Контрольный номер RU/IS/BASE/185541071
005 Дата корректировки 20220715140324.8
008 Кодируемые данные 20051117
084 a Индекс другой классификации/Индекс ББК 66.1(0)-231.3; 60.000.3; 66.01
100 1_ a Автор Замогильный С. И.
q Полное имя Замогильный Сергей Александрович
100 1_ a Автор Вирич М. А.
q Полное имя Вирич Максим Александрович
245 a Заглавие Социальные корни фашизма и основы его символических программ
504 a Библиография Библиогр. ссылки. - Примеч.
650 a Основная рубрика политика
a Основная рубрика политическая философия (философия политики)
a Основная рубрика социальная философия
a Основная рубрика философия
653 a Ключевые слова история политических учений
a Ключевые слова политические течения
a Ключевые слова Россия
a Ключевые слова фашизм
a Ключевые слова фашистская идеология
a Ключевые слова экстремизм
773 t Заглавие источника Вестник Московского университета. Серия 18, Социология и политология
d Дата издания источника 2005
g Прочая информация № 2. - С. 20 - 36
w Контрольный № источника RU/IS/BASE/177609356
901 t Тип документа b